Sous la lune - JUL Paroles - Statistiques

Statistiques générales
  • Ce quiz a été pris 96 fois
  • Le résultat moyen est 196 sur 326
Statistiques - réponses
Paroles % Correct
j
99%
a
96%
à
96%
Je
94%
je
94%
l
94%
m
94%
la
93%
93%
suis
89%
c
88%
t
84%
et
81%
Et
81%
lune
81%
moi
81%
sous
81%
ce
80%
qui
79%
ai
78%
fais
77%
pas
77%
de
74%
plus
74%
Agrum
72%
Vodka
72%
belle
70%
me
70%
vie
70%
vu
70%
alors
68%
Alors
68%
du
68%
cherche
67%
j'ai
67%
J'ai
67%
laissez
65%
Laissez
65%
pour
65%
te
65%
trouverai
65%
le
64%
cerveau
62%
filles
62%
fume
62%
ces
60%
j'en
60%
ta
60%
belles
59%
des
59%
d'une
59%
loin
59%
mais
59%
tu
59%
Tu
59%
derrière
57%
Schweppes
56%
au
54%
par
54%
quartier
53%
que
52%
couraient
51%
rien
51%
entouré
49%
un
49%
t'en
47%
bien
46%
petits
46%
problèmes
46%
parce
44%
dans
43%
dirai
43%
rentre
43%
tais
43%
t'inquiète
43%
moins
42%
tard
42%
toi
42%
tout
42%
c'est
41%
C'est
41%
j'aimais
41%
Netflix
40%
ou
40%
rentrer
40%
très
40%
gens
38%
temps
38%
heureux
37%
les
37%
mouraient
37%
passé
37%
pétard
37%
trainer
37%
fait
36%
rigole
36%
y
36%
fraise
35%
sais
35%
t'as
35%
t'es
35%
trésor
35%
ramènes
33%
coeur
32%
faut
32%
hasard
31%
horreurs
31%
mon
31%
passer
31%
bizarre
30%
cet
30%
Kawasaki
30%
quand
30%
senti
30%
suceur
30%
leurs
28%
mal
28%
rétroviseur
28%
dégouté
27%
été
27%
fou
27%
regarde
27%
si
27%
big
26%
bise
26%
m'as
26%
up
26%
j'aille
25%
p'tit
25%
vices
25%
fort
23%
pochon
23%
sac
23%
ceux
22%
qu'il
22%
viseur
22%
apprendre
21%
cinq
21%
heures
21%
personne
21%
Yamaha
21%
m'ont
20%
jaloux
19%
maintenant
19%
puis
19%
maquis
17%
beau
14%
lèveront
14%
R1
14%
zargue
14%
1000
12%
guetterons
11%
séduire
11%
taquis
10%
VR6
6%
Aucun quiz correspondant
Distribution des résultats
% des personnes avec chaque résultat
Percentile par nombre de réponses
Votre historique - résultats
Vous n’avez pas pris ce quiz